The Sharks of lake Nicaragua / (Record no. 26927)

MARC details
000 -LEADER
fixed length control field 00493 a2200193 4500
001 - CONTROL NUMBER
control field sjds
003 - CONTROL NUMBER IDENTIFIER
control field sjds
005 - DATE AND TIME OF LATEST TRANSACTION
control field 20251124034335.0
008 - FIXED-LENGTH DATA ELEMENTS--GENERAL INFORMATION
fixed length control field 251124b |||||||| |||| 00| 0 eng d
020 ## - INTERNATIONAL STANDARD BOOK NUMBER
International Standard Book Number 9781585741755
020 ## - INTERNATIONAL STANDARD BOOK NUMBER
International Standard Book Number 1585741752
040 ## - CATALOGING SOURCE
Transcribing agency sjds
041 ## - LANGUAGE CODE
Language code of text/sound track or separate title eng
100 ## - MAIN ENTRY--PERSONAL NAME
Personal name White, Randy Wayne
245 ## - TITLE STATEMENT
Title The Sharks of lake Nicaragua /
Statement of responsibility, etc. Randy Wayne White.
260 ## - PUBLICATION, DISTRIBUTION, ETC. (IMPRINT)
Place of publication, distribution, etc. Guildford, Connecticut,:
Name of publisher, distributor, etc. Lyons Press,
Date of publication, distribution, etc. 2020
300 ## - PHYSICAL DESCRIPTION
Extent xv, 199 pages ;
Dimensions 23 cm
942 ## - ADDED ENTRY ELEMENTS (KOHA)
Koha item type Libro/Book
Holdings
Withdrawn status Lost status Damaged status Not for loan Home library Current library Shelving location Date acquired Inventory number Total Checkouts Full call number Barcode Date last seen Date checked out Price effective from Koha item type
        San Juan Del Sur -- Biblioteca San Juan Del Sur -- Biblioteca English 16/03/2022 Inventory date: 15/5/25 1 NF 30010078 07/02/2026 01/09/2022 16/03/2022 Libro/Book

Powered by Koha